00445nam a22000977a 4500008004100000010001500041245007400056260002300130500014400153500005000297150622b xxu||||| |||| 00| 0 eng d 8HCCRSF:007 aHIGH COURT CRIMINAL SESSION NO. 33 OF 1970 Uganda Vs Baziliyo Kyeyune aHigh Court Kampala 3(Original criminal case no.A.57 of 1969 of the Chief Magistrate's Court of Buganda at Mengo Before-His Worship M.Ssendegeya Esq.,Mag.Gr.1.) 3BEFORE:The Honourable Mr.Justice L.P.Saldamha